Sabrina Carpenter - Paroles Tornado Warnings - Statistiques

Statistiques générales
  • Ce quiz a été pris 15 fois
  • Le résultat moyen est 292 sur 373
Statistiques - réponses
Hint Réponse % Correct
I
100%
"I
100%
in
100%
never
100%
the
100%
to
100%
tornado
100%
warnings
100%
Couplet 1 We
100%
we
100%
a
91%
an
91%
And
91%
and
91%
guess
91%
Ignoring
91%
I'm
91%
keep
91%
kissed"
91%
lying
91%
maybe
91%
my
91%
park
91%
say
91%
saying
91%
that
91%
that's
91%
therapist
91%
were
91%
why
91%
bitch
82%
dark
82%
feelings
82%
him
82%
him,
82%
like,
82%
me
82%
of
82%
on
82%
over
82%
saw
82%
so
82%
Some
82%
some
82%
son
82%
Talkin'
82%
then
82%
thing
82%
things
82%
basement
73%
consideration,
73%
deserve
73%
understand
73%
doesn't
73%
Pré-refrain Don't
73%
exist
73%
have
73%
He
73%
he
73%
hour
73%
how
73%
If
73%
if
73%
left
73%
mind
73%
sometimes
73%
sometimes,
73%
still
73%
understand
73%
week
73%
wish
73%
you
73%
can't
64%
didn't
64%
every
64%
get
64%
hear
64%
it,
64%
it
64%
kept
64%
last
64%
missing
64%
myself
64%
Not
64%
not
64%
obsessed
64%
quickly
64%
Right
64%
should
64%
speak
64%
step
64%
there
64%
think
64%
thoughts
64%
time
64%
want
64%
with
64%
yours,
64%
arms
55%
"baby"
55%
back
55%
But
55%
but
55%
call
55%
convince
55%
could
55%
crazy
55%
focus
55%
Refrain From
55%
gonna
55%
he's
55%
his
55%
hold
55%
I'd
55%
Bridge I'll
55%
logically
55%
Now
55%
onto
55%
our
55%
out,
55%
own
55%
relationship
55%
see
55%
stop
55%
arc
45%
drive
45%
home,
45%
rhythm
45%
somehow
45%
stumble
45%
without
45%
pages
36%
seesaw
36%
teetering
36%
Aucun quiz correspondant
Distribution des résultats
% des personnes avec chaque résultat
Percentile par nombre de réponses
Votre historique - résultats
Vous n’avez pas pris ce quiz